000 00810nam a2200193 a 4500
001 000041482
005 20201002034929.0
008 131007s2002 sp 000 0 spa d
020 _a8400080076
040 _aDO-SdBNP
_bspa
_cBNPHU
100 1 _aMerino Hernando, Maria Asuncion
_968172
245 1 0 _aHistoria de los Inmigrantes Peruanos en España :
_bdinámicas de exclusión e inclusión en una Europa globalizada /
_cMaría Asunción Merino Hernando.
260 _aMadrid :
_bConsejo Superior de Investigaciones Científicas,
_c2002.
300 _aXLI, 248 p. ;
_c25 cm.
490 1 _aBiblioteca de historia de América
_v23
504 _aBibliografía : p. 225-248
504 _aIncluye referencias bibliográficas y notas al pie de las páginas
830 0 _aBiblioteca de historia de América
_v23
_966078
999 _c40972
_d40972